[Event "Stuttgarter Stadtmeisterschaft"]
[Site "Ditzingen"]
[Date "2008.05.01"]
[Round "3.30"]
[White "Grözinger, Werner"]
[Black "Potthast, Christian"]
[Result "0-1"]
[WhiteElo "1451"]
[BlackElo "1691"]
[PlyCount "74"]
[EventDate "2008.05.??"]
[EventType "swiss"]
[EventRounds "7"]
[EventCountry "GER"]

1. d4 Nf6 2. Nf3 e6 3. a3 c5 4. e3 cxd4 5. Nxd4 Nc6 6. Nxc6 bxc6 7. Bd3 d5 8.
c3 Be7 9. O-O O-O 10. Nd2 c5 11. b3 Bb7 12. Qe2 Qc7 13. g3 Rfd8 14. Bb2 e5 15.
Bf5 Qc6 16. f3 Qc7 17. Rfe1 a5 18. Rac1 Qb6 19. Bc2 Rac8 20. c4 d4 21. exd4
cxd4 22. Bd3 Re8 23. Qd1 Bc5 24. Kg2 Ng4 25. Nf1 Nf6 26. h3 Qd6 27. Ra1 Nh5 28.
Be4 Bxe4 29. Rxe4 f5 30. Re1 Nf6 31. Qd3 e4 32. Qd1 Rb8 33. fxe4 fxe4 34. Nd2
e3 35. Nf3 Ne4 36. Rh1 Qxg3+ 37. Kf1 Qf2# 0-1

[Event "Stuttgarter Stadtmeisterschaft"]
[Site "Ditzingen"]
[Date "2008.05.01"]
[Round "3.31"]
[White "Helmbrecht, Kurt"]
[Black "Weisensel, Wolfgang"]
[Result "0-1"]
[WhiteElo "1690"]
[BlackElo "1485"]
[PlyCount "78"]
[EventDate "2008.05.??"]
[EventType "swiss"]
[EventRounds "7"]
[EventCountry "GER"]

1. e4 e5 2. d4 exd4 3. c3 dxc3 4. Bc4 d6 5. Nxc3 Nc6 6. h3 Nf6 7. Nf3 Be7 8. a3
O-O 9. Bf4 Be6 10. Bxe6 fxe6 11. Qb3 Qc8 12. Bh2 h6 13. O-O Kh7 14. Rac1 e5 15.
Rfe1 a6 16. Nd5 Re8 17. Qd3 Kh8 18. Rc2 Qd7 19. Rec1 Rec8 20. Nh4 Bd8 21. f4
Nh5 22. Ng6+ Kg8 23. fxe5 Qf7 24. Qf1 Qxg6 25. exd6 cxd6 26. e5 dxe5 27. Qf2
Nf6 28. Ne3 Bb6 29. Kf1 Qd3+ 30. Ke1 Qxe3+ 31. Qxe3 Bxe3 32. Rd1 Rd8 33. Rxd8+
Rxd8 34. Re2 Bd4 35. b4 Nd5 36. Rc2 Ne3 37. Re2 Rf8 38. Kd2 Nc4+ 39. Kd3 Nxa3
0-1

[Event "Stuttgarter Stadtmeisterschaft"]
[Site "Ditzingen"]
[Date "2008.05.01"]
[Round "3.32"]
[White "Meyer, Walter"]
[Black "Hamm, Lukas"]
[Result "1/2-1/2"]
[WhiteElo "1664"]
[BlackElo "1418"]
[PlyCount "51"]
[EventDate "2008.05.??"]
[EventType "swiss"]
[EventRounds "7"]
[EventCountry "GER"]

1. d4 d5 2. Nf3 Nf6 3. c4 e6 4. Nc3 Nbd7 5. cxd5 exd5 6. e3 c6 7. Bd3 Bd6 8.
O-O O-O 9. b3 Re8 10. Bb2 Ne4 11. Bc2 Ndf6 12. Nxe4 Nxe4 13. Ne5 Qg5 14. f4 Qe7
15. Bxe4 dxe4 16. Nc4 Bc7 17. Ba3 Qd8 18. b4 Be6 19. Qc2 Bd5 20. Bb2 b5 21. Nd2
a5 22. bxa5 Rxa5 23. Bc3 Ra4 24. a3 Qa8 25. Bb4 Qd8 26. Rfb1 1/2-1/2

[Event "Stuttgarter Stadtmeisterschaft"]
[Site "Ditzingen"]
[Date "2008.05.01"]
[Round "3.33"]
[White "Matic, Marijo"]
[Black "Lautenbach, Ulrich"]
[Result "0-1"]
[WhiteElo "1462"]
[BlackElo "1663"]
[PlyCount "90"]
[EventDate "2008.05.??"]
[EventType "swiss"]
[EventRounds "7"]
[EventCountry "GER"]

1. e4 c6 2. d4 d5 3. Nc3 dxe4 4. Nxe4 Bf5 5. Ng3 Bg6 6. Nf3 e6 7. c3 Bd6 8. Bd3
Nf6 9. Bg5 Qc7 10. Qc2 Nbd7 11. Bxg6 hxg6 12. h3 Bxg3 13. fxg3 Qxg3+ 14. Qf2
Qxf2+ 15. Kxf2 Ne4+ 16. Ke1 Nxg5 17. Nxg5 Rh5 18. Ne4 Ke7 19. g4 Rh4 20. Kf2
Rah8 21. Kg2 Nf6 22. Ng3 Nd5 23. Ne2 Ne3+ 24. Kg3 Nxg4 25. Rae1 Nf6 26. Nf4 g5
27. Nd3 Nh5+ 28. Kg2 Nf4+ 29. Nxf4 gxf4 30. Ref1 g5 31. Rf3 g4 32. Rxf4 gxh3+
33. Kf3 Rxf4+ 34. Kxf4 h2 35. Kg3 Kd6 36. Rxh2 Rxh2 37. Kxh2 c5 38. dxc5+ Kxc5
39. Kg2 Kc4 40. Kf3 Kd3 41. a4 e5 42. Kf2 e4 43. Ke1 f5 44. a5 f4 45. Kd1 e3
0-1

[Event "Stuttgarter Stadtmeisterschaft"]
[Site "Ditzingen"]
[Date "2008.05.01"]
[Round "3.34"]
[White "Mainik, Philipp"]
[Black "Holschke, Christian"]
[Result "1-0"]
[WhiteElo "1437"]
[BlackElo "1661"]
[PlyCount "63"]
[EventDate "2008.05.??"]
[EventType "swiss"]
[EventRounds "7"]
[EventCountry "GER"]

1. e4 Nc6 2. Nf3 e5 3. Bb5 Nd4 4. Nxd4 exd4 5. O-O c6 6. Be2 Bd6 7. d3 Nf6 8.
f4 Bc5 9. Nd2 O-O 10. h3 d6 11. Nf3 Re8 12. f5 Nxe4 13. dxe4 d3+ 14. Kh1 dxe2
15. Qxe2 Bxf5 16. Ng5 Bg6 17. Qc4 Qe7 18. Bd2 h6 19. Nf3 Qxe4 20. Qb3 Qxc2 21.
Qxb7 Bb6 22. Bc3 Be4 23. Ne1 Bxg2+ 24. Nxg2 Qg6 25. Qxc6 Rac8 26. Qf3 Rc5 27.
Rae1 Rxe1 28. Rxe1 Rf5 29. Qd3 Rh5 30. Re8+ Kh7 31. Qxg6+ Kxg6 32. Nf4+ 1-0

[Event "Stuttgarter Stadtmeisterschaft"]
[Site "Ditzingen"]
[Date "2008.05.01"]
[Round "3.35"]
[White "Stiller, Norbert"]
[Black "Ilzhöfer, Karl-Heinz"]
[Result "0-1"]
[WhiteElo "1239"]
[BlackElo "1646"]
[PlyCount "46"]
[EventDate "2008.05.??"]
[EventType "swiss"]
[EventRounds "7"]
[EventCountry "GER"]

1. d4 Nf6 2. Nf3 c6 3. e3 d5 4. Bd3 Bg4 5. Nbd2 Nbd7 6. O-O e5 7. dxe5 Nxe5 8.
Be2 Nxf3+ 9. Bxf3 h5 10. Re1 Be7 11. b3 Qc7 12. Bb2 O-O-O 13. h3 Be6 14. Qe2 g5
15. Bxh5 Nxh5 16. Bxh8 Rxh8 17. g4 Nf6 18. f4 Rxh3 19. f5 Bd7 20. Nf1 Ne4 21.
Qg2 Rh4 22. Re2 Bd6 23. c4 Ng3 0-1

[Event "Stuttgarter Stadtmeisterschaft"]
[Site "Ditzingen"]
[Date "2008.05.01"]
[Round "3.36"]
[White "Meinecke, Klaus-Hinrich"]
[Black "Cummings, Orlyn"]
[Result "1/2-1/2"]
[WhiteElo "1869"]
[BlackElo "1429"]
[PlyCount "130"]
[EventDate "2008.05.??"]
[EventType "swiss"]
[EventRounds "7"]
[EventCountry "GER"]

1. e4 d6 2. d4 Nf6 3. Nc3 g6 4. Be2 Bg7 5. Be3 c6 6. Qd2 Qc7 7. O-O-O Nbd7 8.
f4 O-O 9. g4 e5 10. dxe5 dxe5 11. g5 Ne8 12. f5 b5 13. f6 Ndxf6 14. gxf6 Nxf6
15. Bc5 Re8 16. h3 a5 17. Bf3 Bf8 18. Bxf8 Rxf8 19. Qd6 Ne8 20. Qxc7 Nxc7 21.
Rd6 Ra6 22. Nge2 Ne8 23. Rd8 Nc7 24. Rhd1 Bxh3 25. Rxf8+ Kxf8 26. Rh1 Be6 27.
Rxh7 Ra8 28. Rh8+ Ke7 29. Rxa8 Nxa8 30. a3 Nb6 31. b3 Kd6 32. Kd2 f5 33. Ng3 f4
34. Nf1 Ke7 35. Nh2 Nd7 36. Nd1 Nf6 37. Nf2 Kd6 38. Kd3 c5 39. c4 b4 40. axb4
axb4 41. Bg4 Bxg4 42. Nfxg4 Nd7 43. Nf3 Ke6 44. Ng5+ Ke7 45. Ke2 Kd6 46. Kf3
Nb6 47. Nf7+ Ke6 48. Nfxe5 g5 49. Nd3 Nd7 50. Ke2 Kd6 51. Nh6 Ke6 52. Nf5 Kf6
53. Nd6 g4 54. Nb7 Kg5 55. Nbxc5 Nf6 56. e5 f3+ 57. Ke3 Ne8 58. Ne4+ Kh4 59.
Kf2 Kh3 60. Nf4+ Kh2 61. Ng3 Nf6 62. Nf1+ Kh1 63. exf6 g3+ 64. Nxg3+ Kh2 65.
Nf1+ Kh1 1/2-1/2

[Event "Stuttgarter Stadtmeisterschaft"]
[Site "Ditzingen"]
[Date "2008.05.01"]
[Round "3.37"]
[White "Koeller, Horst"]
[Black "Rieder, Josef"]
[Result "0-1"]
[WhiteElo "1599"]
[BlackElo "1872"]
[PlyCount "46"]
[EventDate "2008.05.??"]
[EventType "swiss"]
[EventRounds "7"]
[EventCountry "GER"]

1. d4 d5 2. e3 Nf6 3. Bd3 e6 4. f4 c5 5. c3 Nc6 6. Nf3 cxd4 7. exd4 Bd6 8. O-O
O-O 9. Ne5 g6 10. Nd2 Qb6 11. Kh1 Nh5 12. g4 Ng7 13. Ndf3 f6 14. Nxc6 bxc6 15.
b4 a5 16. bxa5 Qxa5 17. Bd2 Qc7 18. Nh4 Ba6 19. Be3 Bxd3 20. Qxd3 e5 21. Qd2
exf4 22. Bxf4 Bxf4 23. Qxf4 Qxf4 0-1

[Event "Stuttgarter Stadtmeisterschaft"]
[Site "Ditzingen"]
[Date "2008.05.01"]
[Round "3.38"]
[White "Kruck, Mathias"]
[Black "Florio, Antonio"]
[Result "0-1"]
[WhiteElo "1583"]
[BlackElo "1750"]
[PlyCount "69"]
[EventDate "2008.05.??"]
[EventType "swiss"]
[EventRounds "7"]
[EventCountry "GER"]

1. Nf3 Nf6 2. d4 e6 3. c4 Bb4+ 4. Bd2 Be7 5. Nc3 b6 6. g3 Bb7 7. Bg2 O-O 8. O-O
Na6 9. Rc1 c5 10. e3 Qc8 11. Qe2 Nc7 12. e4 cxd4 13. Nxd4 d6 14. Bf4 Nd7 15.
Be3 Na6 16. a3 Nab8 17. Rfd1 a6 18. b4 Nc6 19. Nf3 h6 20. Na4 Qd8 21. e5 d5 22.
cxd5 exd5 23. Nd4 Nxd4 24. Bxd4 a5 25. Qb5 axb4 26. axb4 Ba6 27. Qxd5 Be2 28.
Nxb6 Nxb6 29. Qxd8 Raxd8 30. Rd2 Bxb4 31. Rxe2 Rxd4 32. Rb1 Bc5 33. Kf1 Rfd8
34. Ra2 Nd5 35. Re1 0-1

[Event "Stuttgarter Stadtmeisterschaft"]
[Site "Ditzingen"]
[Date "2008.05.01"]
[Round "3.39"]
[White "Ellinger, Harald"]
[Black "Schäfer-Siebert, Carsten"]
[Result "1/2-1/2"]
[WhiteElo "1854"]
[BlackElo "1565"]
[PlyCount "61"]
[EventDate "2008.05.??"]
[EventType "swiss"]
[EventRounds "7"]
[EventCountry "GER"]

1. Nf3 e6 2. d4 Nf6 3. c4 b6 4. Nc3 Bb7 5. Bg5 h6 6. Bh4 c6 7. a3 d5 8. cxd5
cxd5 9. Ne5 Be7 10. e3 O-O 11. Bd3 Nfd7 12. Bxe7 Qxe7 13. Nxd7 Nxd7 14. O-O
Rac8 15. Rc1 Rfd8 16. Qa4 a5 17. Ne2 e5 18. Bb5 exd4 19. Nxd4 Nc5 20. Qd1 Rc7
21. Qe2 Rdc8 22. Rc2 Ne6 23. Nf5 Qg5 24. Rxc7 Rxc7 25. Nd6 Ba8 26. f4 Qd8 27.
Nf5 Rc5 28. Bd3 Qf6 29. b4 Rc3 30. bxa5 bxa5 31. Qd2 1/2-1/2

[Event "Stuttgarter Stadtmeisterschaft"]
[Site "Ditzingen"]
[Date "2008.05.01"]
[Round "3.40"]
[White "Schmitz, Harald"]
[Black "Schnorr, Elke"]
[Result "1/2-1/2"]
[WhiteElo "1559"]
[BlackElo "1739"]
[PlyCount "86"]
[EventDate "2008.05.??"]
[EventType "swiss"]
[EventRounds "7"]
[EventCountry "GER"]

1. e4 c5 2. c3 d5 3. exd5 Qxd5 4. d4 Nc6 5. Nf3 cxd4 6. cxd4 e5 7. Nc3 Bb4 8.
Bd2 Bxc3 9. Bxc3 e4 10. Nd2 Nf6 11. Bc4 Qg5 12. g3 b5 13. h4 Qf5 14. Be2 b4 15.
Bxb4 Nxb4 16. Qa4+ Bd7 17. Qxb4 Nd5 18. Qa3 Qf6 19. Nc4 Qe7 20. Qxe7+ Kxe7 21.
O-O f5 22. Ne3 Nf6 23. Rfc1 Rhc8 24. Bc4 Rc7 25. Rc2 Rac8 26. Rac1 Kd6 27. Bb3
Rxc2 28. Rxc2 Rxc2 29. Bxc2 h6 30. Bb3 Be6 31. Bxe6 Kxe6 32. Kf1 g5 33. hxg5
hxg5 34. Ke2 f4 35. gxf4 gxf4 36. Nc2 Kd5 37. b3 Ne8 38. f3 Nd6 39. fxe4+ Kxe4
40. d5 Kxd5 41. Kf3 Ke5 42. Nb4 Nc8 43. Nd3+ Kd4 1/2-1/2

[Event "Stuttgarter Stadtmeisterschaft"]
[Site "Ditzingen"]
[Date "2008.05.01"]
[Round "3.41"]
[White "von Borstel, Andreas"]
[Black "Funk, Patrick"]
[Result "1/2-1/2"]
[WhiteElo "1496"]
[BlackElo "1723"]
[PlyCount "95"]
[EventDate "2008.05.??"]
[EventType "swiss"]
[EventRounds "7"]
[EventCountry "GER"]

1. Nf3 Nf6 2. b3 d6 3. Bb2 e5 4. d3 Be7 5. Nc3 c6 6. e3 O-O 7. Be2 Re8 8. O-O
Bf8 9. Re1 d5 10. h3 b5 11. Bf1 b4 12. Ne2 e4 13. dxe4 Nxe4 14. Nd2 Bd6 15.
Nxe4 Rxe4 16. Nd4 Qf6 17. Bd3 Re8 18. Nf5 Be5 19. Bxe5 Rxe5 20. Nd4 c5 21. Nf3
Re8 22. Bb5 Rd8 23. a3 a6 24. axb4 cxb4 25. Nd4 Bb7 26. Bd3 Nc6 27. Qd2 a5 28.
Bb5 g6 29. Nxc6 Bxc6 30. Bxc6 Qxc6 31. Qd3 Rdc8 32. Rec1 Kf8 33. Kf1 Ke7 34.
Qd4 h5 35. Ke2 Ke6 36. f4 Qc3 37. Qxc3 Rxc3 38. g4 hxg4 39. hxg4 f6 40. Ra2
Rac8 41. Kd2 g5 42. Rxa5 gxf4 43. exf4 Rh8 44. Re1+ Kf7 45. f5 Rh2+ 46. Kd1
Rcxc2 47. Ra7+ Kf8 48. Ree7 1/2-1/2

[Event "Stuttgarter Stadtmeisterschaft"]
[Site "Ditzingen"]
[Date "2008.05.01"]
[Round "3.42"]
[White "Sigmund, Wolfgang"]
[Black "Novak, Josua"]
[Result "1/2-1/2"]
[WhiteElo "1436"]
[BlackElo "1653"]
[PlyCount "30"]
[EventDate "2008.05.??"]
[EventType "swiss"]
[EventRounds "7"]
[EventCountry "GER"]

1. d4 Nf6 2. Nf3 g6 3. Bf4 Bg7 4. e3 O-O 5. c4 d6 6. Nc3 c5 7. Qd2 cxd4 8. exd4
Nc6 9. d5 Nb4 10. a3 Qa5 11. Rc1 Na6 12. Bd3 Bg4 13. Qe2 e5 14. Bd2 Qb6 15. Be3
Qd8 1/2-1/2

[Event "Stuttgarter Stadtmeisterschaft"]
[Site "Ditzingen"]
[Date "2008.05.01"]
[Round "3.43"]
[White "Lörincz, Peter"]
[Black "Gheng, Hannelore"]
[Result "0-1"]
[WhiteElo "1630"]
[BlackElo "1459"]
[PlyCount "76"]
[EventDate "2008.05.??"]
[EventType "swiss"]
[EventRounds "7"]
[EventCountry "GER"]

1. c4 c5 2. Nc3 d6 3. e4 Nf6 4. Nf3 g6 5. d3 Bg7 6. Be2 O-O 7. Rb1 Nc6 8. a3
Ne8 9. O-O f5 10. b4 Bxc3 11. bxc5 dxc5 12. exf5 Rxf5 13. Nh4 Rf7 14. Bg5 Bf6
15. Bxf6 Nxf6 16. Kh1 Ne5 17. Nf3 Nfg4 18. Rb3 Nxf3 19. Bxf3 Ne5 20. Be4 Qd4
21. f4 Nxc4 22. dxc4 Qxe4 23. Re1 Qxf4 24. Rf3 Qd4 25. Rd3 Qxc4 26. Rd8+ Kg7
27. Qa1+ Kh6 28. h3 Qc2 29. Qe5 Qf2 30. Rg1 Rf8 31. Qxe7 Rxd8 32. Qxd8 b6 33.
Qd5 Rb8 34. Qe5 Rb7 35. g4 Rd7 36. g5+ Kh5 37. Qg3 Bb7+ 38. Rg2 Qxg2+ 0-1

[Event "Stuttgarter Stadtmeisterschaft"]
[Site "Ditzingen"]
[Date "2008.05.01"]
[Round "3.44"]
[White "Lin, Jean-Claude"]
[Black "Srokovskiy, Andrea"]
[Result "1-0"]
[WhiteElo "1396"]
[BlackElo "1604"]
[PlyCount "75"]
[EventDate "2008.05.??"]
[EventType "swiss"]
[EventRounds "7"]
[EventCountry "GER"]

1. e4 c5 2. Nf3 a6 3. d4 cxd4 4. Nxd4 Nf6 5. Nc3 e5 6. Nb3 Bb4 7. Bg5 Qc7 8.
Bd2 O-O 9. Bd3 d6 10. Nd5 Nxd5 11. exd5 Bxd2+ 12. Nxd2 Qc5 13. c4 Qd4 14. Qc2
h6 15. Ne4 Qb6 16. O-O-O f5 17. c5 dxc5 18. Nxc5 e4 19. Be2 Qa5 20. Kb1 Qb6 21.
Qc3 Qg6 22. g3 b6 23. Ne6 Bxe6 24. dxe6 b5 25. Rd6 Re8 26. Qb3 Kh7 27. Rhd1 Qf6
28. e7 Qxe7 29. Bh5 Rf8 30. Re6 Qc7 31. Be8 Ra7 32. Rdd6 Qc5 33. Rd8 Kh8 34.
Rxb8 Qxf2 35. a3 Qg1+ 36. Ka2 Rc7 37. Qb4 Rc1 38. Qxf8+ 1-0

[Event "Stuttgarter Stadtmeisterschaft"]
[Site "Ditzingen"]
[Date "2008.05.01"]
[Round "3.45"]
[White "Giugno, Carmelo"]
[Black "König, Torsten"]
[Result "1-0"]
[WhiteElo "1503"]
[BlackElo "1746"]
[PlyCount "83"]
[EventDate "2008.05.??"]
[EventType "swiss"]
[EventRounds "7"]
[EventCountry "GER"]

1. d4 d5 2. c4 c6 3. Nc3 Nf6 4. Nf3 e6 5. Bg5 Nbd7 6. e3 Qa5 7. c5 Be7 8. Bxf6
Nxf6 9. Bd3 O-O 10. Qc2 h6 11. a3 Nd7 12. b4 Qc7 13. O-O Bf6 14. e4 e5 15. exd5
cxd5 16. Nxd5 Qd8 17. dxe5 Bxe5 18. Rad1 Re8 19. Rfe1 Bf6 20. Rxe8+ Qxe8 21.
Nc7 Qf8 22. Nxa8 Ne5 23. Nxe5 Bxe5 24. Qa4 Be6 25. Qxa7 Qe7 26. Nb6 g6 27. c6
Qh4 28. g3 Qg4 29. Qa8+ Kg7 30. Qa4 Bd4 31. cxb7 Qf3 32. Qc2 Bxb6 33. Be4 Bxf2+
34. Qxf2 Qxd1+ 35. Kg2 Qd7 36. b8=Q Bh3+ 37. Kf3 Qd1+ 38. Ke3 Qb3+ 39. Kd4 Qd1+
40. Kc3 Qa1+ 41. Qb2 Qe1+ 42. Kb3+ 1-0

[Event "Stuttgarter Stadtmeisterschaft"]
[Site "Ditzingen"]
[Date "2008.05.01"]
[Round "3.46"]
[White "Naundorf, Jo-Jan"]
[Black "Trobonjaca, Milos"]
[Result "0-1"]
[WhiteElo "1479"]
[BlackElo "1687"]
[PlyCount "148"]
[EventDate "2008.05.??"]
[EventType "swiss"]
[EventRounds "7"]
[EventCountry "GER"]

1. e4 e5 2. Nf3 Nc6 3. Bb5 Nf6 4. O-O Bc5 5. Bxc6 bxc6 6. Nxe5 O-O 7. Nc3 Bb7
8. d4 Bb6 9. Bg5 d5 10. Ng4 dxe4 11. Nxf6+ gxf6 12. Bh6 Kh8 13. Bxf8 Qxf8 14.
Nxe4 Qg7 15. Ng3 Rd8 16. c3 c5 17. Re1 f5 18. f4 h6 19. Kh1 cxd4 20. cxd4 Rxd4
21. Re8+ Kh7 22. Qc2 Rxf4 23. Nh5 Qg5 24. Nxf4 Qxf4 25. Re2 Be4 26. Qd2 Qg4 27.
Rae1 c6 28. Qd7 Bd5 29. Qe7 h5 30. Rd2 Bxa2 31. h3 Qf4 32. Rd7 Qf2 33. Qe2 Qh4
34. Qe8 Kg7 35. Qe5+ Kg8 36. Qb8+ Kh7 37. Re8 Bd4 38. Rxa7 Qf2 39. Kh2 Qg1+ 40.
Kg3 Bf2+ 41. Kf4 Qc1+ 42. Kxf5 Bb1+ 43. Re4 Bxe4+ 44. Kxe4 Qe3+ 45. Kf5 Qxa7
46. Qe8 Qc5+ 47. Kf4 Qd5 48. Qe2 Bc5 49. Qc2+ Kg7 50. Kg3 Bd6+ 51. Kf2 Qc5+ 52.
Qxc5 Bxc5+ 53. Kf3 Kg6 54. Ke4 Bf2 55. Kf3 Bg1 56. b3 f5 57. g4 fxg4+ 58. hxg4
h4 59. Kf4 Bh2+ 60. Kf3 Kg5 61. Kg2 Bg3 62. Kh3 Kf4 63. Kg2 Kxg4 64. Kg1 Kf4
65. Kg2 Ke4 66. b4 Kd4 67. b5 cxb5 68. Kh1 b4 69. Kg2 b3 70. Kh3 b2 71. Kg2
b1=Q 72. Kh3 Qf5+ 73. Kg2 Ke3 74. Kh1 Qf1# 0-1

[Event "Stuttgarter Stadtmeisterschaft"]
[Site "Ditzingen"]
[Date "2008.05.01"]
[Round "3.47"]
[White "Parvin, Shahram"]
[Black "Pocrnic, Josip"]
[Result "0-1"]
[WhiteElo "1467"]
[BlackElo "1643"]
[PlyCount "110"]
[EventDate "2008.05.??"]
[EventType "swiss"]
[EventRounds "7"]
[EventCountry "GER"]

1. d4 d5 2. c4 e6 3. Nc3 Nf6 4. Bg5 Be7 5. Nf3 c6 6. e3 O-O 7. Qc2 Nbd7 8. c5
h6 9. h4 Re8 10. Bxf6 Bxf6 11. g4 g6 12. O-O-O Bg7 13. h5 g5 14. Nh2 e5 15.
dxe5 Nxe5 16. f4 Nxg4 17. Nxg4 Bxg4 18. Be2 Bxe2 19. Nxe2 f6 20. Nd4 Re4 21.
Qf2 Qa5 22. Rd3 Qxc5+ 23. Rc3 Qf8 24. Rb3 c5 25. Nf5 b6 26. Rg1 Kh8 27. Rd3 d4
28. Nxg7 Kxg7 29. exd4 cxd4 30. Qf3 Rae8 31. fxg5 fxg5 32. Qg3 Qf7 33. a3 Qc4+
34. Kd1 Re2 35. Rc3 dxc3 36. Qxc3+ Qxc3 37. bxc3 Ra2 38. Rg3 Re4 39. a4 Rh4 40.
Re3 Rxh5 41. Re1 Ra1+ 42. Kd2 Rh2+ 43. Re2 Ra2+ 44. Kd3 Rhxe2 45. Kc4 Rxa4+ 46.
Kd3 Ree4 47. Kc2 Kf6 48. Kd3 b5 49. Kc2 Ke5 50. Kb3 Kd5 51. c4+ Raxc4 52. Ka3
Re2 53. Kb3 Kc5 54. Ka3 Rh4 55. Kb3 Rh3# 0-1

[Event "Stuttgarter Stadtmeisterschaft"]
[Site "Ditzingen"]
[Date "2008.05.01"]
[Round "3.48"]
[White "Wendland, Tobias"]
[Black "Tessmer, Hans-Peter"]
[Result "1-0"]
[WhiteElo "1423"]
[BlackElo "1610"]
[PlyCount "73"]
[EventDate "2008.05.??"]
[EventType "swiss"]
[EventRounds "7"]
[EventCountry "GER"]

1. d4 Nf6 2. c4 e6 3. Nc3 d5 4. Nf3 Be7 5. Bg5 O-O 6. e3 Nbd7 7. Bd3 h6 8. Bh4
c6 9. O-O a6 10. Qe2 dxc4 11. Bxc4 b5 12. Bd3 c5 13. Rac1 Bb7 14. Rfd1 Qb6 15.
h3 Rfe8 16. a3 Rac8 17. Bb1 cxd4 18. Nxd4 Nc5 19. f3 Ncd7 20. Nb3 Red8 21. Bf2
e5 22. e4 Qe6 23. Ba2 Qc6 24. Na4 Qxc1 25. Rxc1 Rxc1+ 26. Nxc1 bxa4 27. Nd3 Rc8
28. Bg3 Bc5+ 29. Kh2 Bd4 30. Qd2 Ne8 31. Qb4 Bc6 32. Qc4 Bb5 33. Qxf7+ Kh7 34.
Qg8+ Kg6 35. Bf7+ Kg5 36. Bxe8 Bxd3 37. Qxg7# 1-0

[Event "Stuttgarter Stadtmeisterschaft"]
[Site "Ditzingen"]
[Date "2008.05.01"]
[Round "3.50"]
[White "Romer, Reinhard"]
[Black "Domingos, Antonio"]
[Result "0-1"]
[WhiteElo "1516"]
[BlackElo "1410"]
[PlyCount "57"]
[EventDate "2008.05.??"]
[EventType "swiss"]
[EventRounds "7"]
[EventCountry "GER"]

1. Nf3 d5 2. g3 c5 3. c3 Nf6 4. Bg2 Nc6 5. d4 Bf5 6. O-O e6 7. Bg5 cxd4 8. Nxd4
Bg6 9. Nd2 Be7 10. Bxf6 Bxf6 11. Qa4 Qb6 12. N2b3 O-O 13. Nxc6 bxc6 14. e4 Rfd8
15. exd5 cxd5 16. Rad1 Rac8 17. Qa5 Qb8 18. h4 h6 19. Rd2 Be5 20. Nd4 Bxd4 21.
cxd4 Rd6 22. b3 Qb7 23. Rb2 Rdc6 24. Qd2 Rc2 25. Rxc2 Rxc2 26. Qa5 a6 27. Ra1
Qa7 28. Bf1 Qxd4 29. Qxa6 0-1

[Event "Stuttgarter Stadtmeisterschaft"]
[Site "Ditzingen"]
[Date "2008.05.01"]
[Round "3.51"]
[White "Aleman, Tilman"]
[Black "Brosig, Michael"]
[Result "1/2-1/2"]
[WhiteElo "1351"]
[BlackElo "1504"]
[PlyCount "43"]
[EventDate "2008.05.??"]
[EventType "swiss"]
[EventRounds "7"]
[EventCountry "GER"]

1. c4 e5 2. Nc3 Nf6 3. Nf3 Nc6 4. g3 Be7 5. Bg2 d6 6. O-O O-O 7. d3 Be6 8. a3
a5 9. Rb1 Qd7 10. b4 axb4 11. axb4 Rfb8 12. Qc2 Bh3 13. Be3 Bxg2 14. Kxg2 Ng4
15. Bg5 Bxg5 16. Nxg5 Nd4 17. Qd2 h6 18. Nf3 Nxf3 19. exf3 Nf6 20. f4 Qc6+ 21.
f3 exf4 22. Qxf4 1/2-1/2

[Event "Stuttgarter Stadtmeisterschaft"]
[Site "Ditzingen"]
[Date "2008.05.02"]
[Round "4.1"]
[White "Stadler, Marcus"]
[Black "Kang, Moon-Gu"]
[Result "1/2-1/2"]
[WhiteElo "1707"]
[BlackElo "1797"]
[PlyCount "51"]
[EventDate "2008.05.??"]
[EventType "swiss"]
[EventRounds "7"]
[EventCountry "GER"]

1. e4 d6 2. d4 g6 3. Nf3 Bg7 4. Bd3 Nf6 5. O-O O-O 6. Bg5 h6 7. Bd2 c5 8. dxc5
dxc5 9. Qc1 Kh7 10. Be3 Qc7 11. Bf4 Qa5 12. Nbd2 Be6 13. Re1 Nbd7 14. Bc4 Bxc4
15. Nxc4 Qa6 16. Nce5 Nxe5 17. Bxe5 Qe6 18. h3 Rfd8 19. Qf4 Nh5 20. Qh2 Bxe5
21. Qxe5 Qxe5 22. Nxe5 Rd2 23. Rac1 Nf4 24. Kf1 Kg7 25. Nf3 Rd7 26. h4 1/2-1/2

[Event "Stuttgarter Stadtmeisterschaft"]
[Site "Ditzingen"]
[Date "2008.05.02"]
[Round "4.2"]
[White "Botond, Laszlo"]
[Black "Helfrich, Leo"]
[Result "0-1"]
[WhiteElo "1670"]
[BlackElo "1712"]
[PlyCount "102"]
[EventDate "2008.05.??"]
[EventType "swiss"]
[EventRounds "7"]
[EventCountry "GER"]

1. f4 g6 2. Nf3 d6 3. d4 Bg7 4. e3 Nf6 5. Be2 O-O 6. O-O Bg4 7. c3 Nbd7 8. Bd3
d5 9. h3 Bxf3 10. Qxf3 c5 11. g4 c4 12. Bc2 e6 13. Nd2 b5 14. g5 Ne8 15. e4
dxe4 16. Nxe4 Nb6 17. Be3 Nd5 18. Bf2 Qc7 19. Bg3 Qb6 20. Nc5 Rd8 21. Be4 Nec7
22. h4 b4 23. Rfb1 a5 24. h5 Na6 25. Nxa6 Qxa6 26. Be1 Qb6 27. hxg6 fxg6 28.
Bd2 Nxf4 29. Bxf4 Be5 30. Kg2 Rxf4 31. Qe2 Rdf8 32. Rf1 Qd8 33. Rxf4 Rxf4 34.
Bf3 Qxg5+ 35. Kf2 Qh4+ 36. Kg2 Bc7 37. Qxe6+ Rf7 38. Qh3 Qxh3+ 39. Kxh3 Rxf3+
40. Kg2 Rg3+ 41. Kf2 bxc3 42. b3 cxb3 43. axb3 Rd3 44. Ra4 c2 45. Rc4 Bb6 46.
Ke2 Rxb3 47. d5 a4 48. Kd2 Rb2 49. d6 a3 50. d7 a2 51. Ra4 Rb1 0-1

[Event "Stuttgarter Stadtmeisterschaft"]
[Site "Ditzingen"]
[Date "2008.05.02"]
[Round "4.3"]
[White "Feller, Florian"]
[Black "Koss, Dietrich"]
[Result "1-0"]
[WhiteElo "1794"]
[BlackElo "1700"]
[PlyCount "77"]
[EventDate "2008.05.??"]
[EventType "swiss"]
[EventRounds "7"]
[EventCountry "GER"]

1. e4 e5 2. Nf3 Nc6 3. Bc4 Bc5 4. b4 Bxb4 5. c3 Ba5 6. d4 exd4 7. O-O d6 8. Ba3
Bg4 9. Qb3 Bxf3 10. Bxf7+ Kf8 11. Bxg8 Rxg8 12. gxf3 dxc3 13. Qxb7 Qe8 14. e5
Rb8 15. Qa6 Rb6 16. Qd3 Nxe5 17. Qf5+ Nf7 18. Qxa5 Ne5 19. Qxc3 Qg6+ 20. Kh1
Qf5 21. Nd2 Rc6 22. Qe3 Rc2 23. f4 Rxd2 24. Qxd2 Nf3 25. Bxd6+ cxd6 26. Qxd6+
Kf7 27. Qc7+ Kf8 28. Qb8+ Kf7 29. Qb7+ Kg6 30. Qxf3 Rb8 31. Qc6+ Kh5 32. Rg1
Qxf4 33. Qd5+ g5 34. Rae1 h6 35. Re3 Rf8 36. Qd1+ Kg6 37. Re6+ Kg7 38. Qd3 Rf5
39. Rb1 1-0

[Event "Stuttgarter Stadtmeisterschaft"]
[Site "Ditzingen"]
[Date "2008.05.02"]
[Round "4.4"]
[White "Schömbs, Oliver"]
[Black "Mainik, Andreas"]
[Result "1-0"]
[WhiteElo "1719"]
[BlackElo "1777"]
[PlyCount "35"]
[EventDate "2008.05.??"]
[EventType "swiss"]
[EventRounds "7"]
[EventCountry "GER"]

1. d4 Nf6 2. c4 e6 3. Nf3 d5 4. Nc3 c5 5. Bg5 dxc4 6. e3 Nc6 7. Bxc4 cxd4 8.
exd4 Be7 9. O-O O-O 10. Rc1 Nd5 11. Bxe7 Ncxe7 12. Qe2 Bd7 13. Ne4 Bc6 14. Neg5
Nf6 15. Nxf7 Bxf3 16. Qxe6 Bd5 17. Nxd8+ Bxe6 18. Nxe6 1-0

[Event "Stuttgarter Stadtmeisterschaft"]
[Site "Ditzingen"]
[Date "2008.05.02"]
[Round "4.5"]
[White "Gibicar, Danijel"]
[Black "Schuhmacher, Jakob"]
[Result "1/2-1/2"]
[WhiteElo "1745"]
[BlackElo "1657"]
[PlyCount "38"]
[EventDate "2008.05.??"]
[EventType "swiss"]
[EventRounds "7"]
[EventCountry "GER"]

1. d4 Nf6 2. Nf3 e6 3. e3 b6 4. Bd3 Bb7 5. Nbd2 Be7 6. O-O d6 7. e4 Nbd7 8. Qe2
e5 9. dxe5 dxe5 10. Nc4 Bd6 11. Bg5 O-O 12. Rad1 h6 13. Bxf6 Qxf6 14. Nxd6 cxd6
15. b4 Qe7 16. Bc4 Nf6 17. Bd5 Nxd5 18. exd5 f5 19. Nd4 a6 1/2-1/2